000
00320nam a2200133Ia 4500
008
221030s9999 xx 000 0 und d
041
_a
English
082
_a
105.23
100
_a
W. G. Rowe
245
0
_a
Cases in Leadership
_c
by W. G. Rowe
260
_b
Sage Pub.
_a
New Delhi
_c
2009
650
_a
Case Study
942
_c
BK
999
_c
8787
_d
8787